A study of blackbirds / (Registro nro. 3014)

Detalles MARC
000 -CABECERA
Campo de control 00869nam a2200277 i 4500
005 - FECHA Y HORA DE LA ULTIMA TRANSACCION
Campo de control 20160106051930.0
008 - ELEMENTOS DE LONGITUD FIJA—INFORMACION GENERAL
Campo de control 890215r19881958enka b 001 0 eng d
015 ## - NATIONAL BIBLIOGRAPHY NUMBER
National bibliography number GB88-3623
020 ## - ISBN
ISBN 0565010212
040 ## - FUENTE DE CATALOGACIÓN
Agencia catalogadora original Uk
Agencia transcriptora DLC
Agencia Modificadora CO-BoIAVH
041 ## - IDIOMA
Código de idioma para texto/pista de sonido o título separado Inglés
044 ## - PAÍS DE PUBLICACIÓN
País de publicación Inglaterra
082 04 - NUMERO DE CLASIFICACION DECIMAL DEWEY
Número de clasificación 598.842
Número del ítem S67s
100 1# - ASIENTO PRINCIPAL--NOMBRE PERSONAL
Nombre personal Snow, David
9 (RLIN) 46841
245 12 - MENCION DE TITULO
Título A study of blackbirds /
Mención de responsabilidad by D.W. Snow ; illustrated by Robert Gillmor.
250 ## - MENCION DE EDICION
Mención de edición Segunda edición.
260 ## - PUBLICACION, DISTRIBUCION, ETC. (PIE DE IMPRENTA)
Lugar de publicación, distribución, etc. London :
Nombre del editor, distribuidor, etc. British Museum, Natural History ,
Fecha de publicación, distribución, etc. 1988.
300 ## - DESCRIPCION FISICA
Extensión 196 páginas ;
Dimensiones 22 cm.
504 ## - NOTA DE BIBLIOGRAFIA, ETC.
Nota de bibliografía Incluye referencias bibliográficas e índice.
650 14 - ASIENTO SECUNDARIO DE MATERIA - TERMINO TEMATICO
Término temático o nombre geográfico como elemento de entrada Aves
Subdivisión general Identificación
9 (RLIN) 46842
650 24 - ASIENTO SECUNDARIO DE MATERIA - TERMINO TEMATICO
Término temático o nombre geográfico como elemento de entrada Aves terrestres
Subdivisión general Identificación
9 (RLIN) 46843
650 24 - ASIENTO SECUNDARIO DE MATERIA - TERMINO TEMATICO
Término temático o nombre geográfico como elemento de entrada Paseriformes
9 (RLIN) 46176
650 24 - ASIENTO SECUNDARIO DE MATERIA - TERMINO TEMATICO
Término temático o nombre geográfico como elemento de entrada Mirlos
9 (RLIN) 46844
710 2# - ASIENTO SECUNDARIO - NOMBRE CORPORATIVO
Nombre corporativo o de jurisdicción como elemento de entrada British Museum (Natural History)
9 (RLIN) 46845
942 ## - ELEMENTOS ADICIONALES (KOHA)
Sistema de clasificación Dewey Decimal Classification
Tipo de ítem Libro
Existencias
Withdrawn status Lost status Sistema de Clasificación Damaged status No para préstamo Colección Inventariado Ubicación Permanente Ubicación actual Fecha de adquisición Fuente de Valor Valor Total Checkouts Número topográfico Inventario / Código de Barras Date last seen Ejemplar Price effective from Tipo de material
    Dewey Decimal Classification   Procesos Técnicos General Inventariado 2017 Bogotá Bogotá 04/12/2002 Amazon 56000.00   LB-598.842 S67s 003317 04/12/2012 Ej. 1 04/12/2012 Libro